The Strokes Lyrics - Ode To The Mets - Statistics

General Stats
  • This quiz has been taken 345 times
  • The average score is 226 of 299
Answer Stats
Lyrics % Correct
I
99%
on
98%
a
97%
No,
97%
Go
96%
go
96%
it,
95%
it
95%
you
95%
Not
94%
not
94%
the
94%
The
94%
Up
94%
up
94%
up,
94%
gonna
93%
his
93%
do
92%
he
92%
it's
92%
It's
92%
to
92%
for
91%
horse,
90%
horse
90%
So
89%
my
88%
that
88%
that,
88%
Then
88%
then
88%
anymore
87%
here
87%
say,
87%
say
87%
all,
86%
all
86%
back
86%
Back
86%
back,
86%
But
86%
but
86%
I'm
84%
at
83%
just
83%
me
83%
Drums
82%
please,
82%
Easy
81%
easy
81%
easy,
81%
mind
81%
out,
81%
out
81%
find
80%
time,
80%
time
80%
truth
80%
what's
80%
got
79%
Hope
79%
hope
79%
now
79%
now,
79%
wake
79%
should
78%
Fab
77%
maybe
77%
some
77%
story
77%
tell
77%
good
75%
think
75%
well,
75%
We'll
75%
When
75%
when
75%
too
74%
will
73%
fine
72%
I'll
72%
of
72%
your
71%
feel
69%
street
69%
Waitin'
69%
show
68%
special
68%
attack
67%
old
67%
Old
67%
one
67%
sits
67%
somethin'
67%
as
66%
down
66%
get
66%
is
66%
plans
64%
teeth
64%
was
63%
door
62%
Forgotten,
62%
forgotten
62%
ocean
62%
right
62%
Sizes
62%
And
61%
slack
61%
gotta
60%
there,
60%
there
60%
us
60%
walk
60%
wrong,
60%
control
59%
he's
59%
friends,
58%
Innocent
58%
innocent
58%
know,
57%
know
57%
needed
57%
Yeah,
57%
Cuts
56%
guitar
56%
heart
56%
tricks,
56%
bottom
55%
Listen
55%
quick
55%
long
54%
read
54%
times
54%
wasn't
54%
from
53%
hard
53%
Learned
53%
can
52%
own
52%
playin'
52%
are
51%
shameful
51%
silence
51%
trip.
51%
bored,
50%
didn't
50%
Gone
50%
last
49%
left
49%
only
49%
painful,
49%
promise
49%
hold
48%
roar
48%
thing
48%
you're
48%
Cube
47%
that's
47%
gets
46%
isn't
46%
into
45%
solving
45%
under
45%
phone
44%
Rubik's
43%
swallowed
43%
thumb,
43%
turnin'
42%
hearing
41%
deafening,
40%
pardon
40%
railing
40%
eye,
39%
has
35%
Da
34%
-da
34%
f***,
31%
ways
28%
alone
25%
No matching quizzes found
Score Distribution
Percent of People with Each Score
Percentile by Number Answered
Your Score History
You have not taken this quiz